| 000 | 00573nam a22002297a 4500 | ||
|---|---|---|---|
| 999 |
_c9983 _d9983 |
||
| 001 | 9983 | ||
| 003 | BD-JhCC | ||
| 005 | 20180404094519.0 | ||
| 008 | 171127s19591952u b||| ||a| 000 0 eng d | ||
| 035 | _a(BD-JhCC)9983 | ||
| 040 |
_aBD-JhCC _dBD-JhCC |
||
| 041 | _aeng | ||
| 082 |
_a921.1 _bPRI 1959 |
||
| 100 | _a Pringle, Patrick | ||
| 245 |
_aThe Young Dickens / _c Patrick Pringle |
||
| 260 |
_aLondon _bMax Parrisg and Co Ltd., _c1959. |
||
| 300 |
_a459 p. : _c21 cm. |
||
| 650 | _aNovelists, English | ||
| 650 | _aBiography | ||
| 942 |
_2ddc _cBK |
||